Privatisation, competition and regulation

Guardado en:
Detalles Bibliográficos
Autor Corporativo: OECD - Centre for Co-operation with Non-members
Formato: Libro
Lenguaje:inglés
Publicado: Paris OECD 2000
Colección:OECD proceedings
Materias:
Etiquetas: Agregar Etiqueta
Sin Etiquetas, Sea el primero en etiquetar este registro!

MARC

LEADER 00000nam$a2200000$$$4500
001 0027829
005 20240104132455.3
020 |a 92-64-17115-0 
041 0 |a eng 
044 |a FR 
245 1 0 |a Privatisation, competition and regulation 
264 1 |a Paris  |b OECD  |c 2000 
300 |a 213 s. 
490 1 |a OECD proceedings 
830 0 |a OECD proceedings 
610 2 0 |a privatizácia 
610 2 0 |a konkurencia 
610 2 0 |a regulácia 
610 2 0 |a regulácia hospodárska 
610 2 0 |a vlastníctvo štátne 
610 2 0 |a infraštruktúra 
610 2 0 |a Spojené kráľovstvo 
610 2 0 |a Čile 
610 2 0 |a Brazília 
610 2 0 |a porovnanie medzinárodné 
710 2 |a OECD - Centre for Co-operation with Non-members